José Martí International Airport Destinations (Havana, Cuba) - Statistics

General Stats
  • This quiz has been taken 98 times
    27 since last reset
  • The average score is 23 of 34
Answer Stats
Airline Destination % Correct
Air China Beijing (Capital)
100%
American Airlines/Delta Air Lines/Havana Air Miami
100%
Air France Paris (Charles de Gaulle)
100%
Turkish Airlines Istanbul
96%
Aeroméxico Mexico City
96%
Magnicharters/Viva Mexico City (AIFA)
96%
Bahamasair Nassau
96%
Air China/Air Europa/Cubana de Aviación/Iberia/Plus Ultra Líneas Aéreas/World2Fly Madrid
92%
TAAG Angola Airlines Luanda
88%
Air Century Santo Domingo (La Isabela)
88%
Magnicharters/Viva Cancún
83%
InterCaribbean Airways Kingston (Norman Manley)
83%
Wingo Bogotá
79%
Conviasa/Cubana de Aviación Caracas
79%
Aeroflot Moscow (Sheremetyevo)
79%
Wingo Panama City (Balboa)
79%
Copa Airlines Panama City (Tocumen)
79%
Sunrise Airways Port-au-Prince
79%
Viva Monterrey
75%
Cayman Airways Grand Cayman
71%
Conviasa Managua
67%
Neos Milan (Malpensa)
67%
Neos Rome (Fiumicino)
67%
Southwest Airlines Tampa
63%
Fly All Ways/Sky High Georgetown (Cheddi Jagan)
58%
Caribbean Airlines Port of Spain
58%
Fly All Ways Paramaribo
42%
Magnicharters/Viva Mérida
38%
Aerogaviota/Cubana de Aviación Santiago de Cuba
38%
Aerogaviota/Cubana de Aviación Cayo Coco
29%
InterCaribbean Airways Providenciales
25%
Aerogaviota Baracoa
8%
Aerogaviota Nueva Gerona
8%
Rutaca Airlines Valencia (VE)
4%
No matching quizzes found
Score Distribution
Percent of People with Each Score
Percentile by Number Answered
Your Score History
You have not taken this quiz since the last reset